Together with Computer Science (C++)-XII (Record no. 11379)

MARC details
000 -LEADER
fixed length control field 00275nam a22000977a 4500
008 - FIXED-LENGTH DATA ELEMENTS--GENERAL INFORMATION
fixed length control field 190402b ||||| |||| 00| 0 eng d
020 ## - INTERNATIONAL STANDARD BOOK NUMBER
International Standard Book Number 9788187414445
100 ## - MAIN ENTRY--PERSONAL NAME
Personal name Sahoo Reeta
9 (RLIN) 3902
245 ## - TITLE STATEMENT
Title Together with Computer Science (C++)-XII
260 ## - PUBLICATION, DISTRIBUTION, ETC. (IMPRINT)
Place of publication, distribution, etc. New Delhi
Name of publisher, distributor, etc. Rachna Sagar
Date of publication, distribution, etc. 2000
Holdings
Withdrawn status Lost status Source of classification or shelving scheme Damaged status Koha normalized classification for sorting Not for loan Home library Current library Shelving location Date acquired Total Checkouts Full call number Barcode Date last seen Price effective from Koha item type
    Dewey Decimal Classification   004_000000000000000_D8   Good Samaritan School Library Good Samaritan School Library Computer Science 04/02/2019   004 D-8 SAH15341 04/02/2019 04/02/2019 BOOK

Powered by Koha